Coupes du Monde de Football: Côte d'Ivoire - Statistiques

Statistiques générales
  • Ce quiz a été pris 113 fois
  • Le résultat moyen est 7 sur 9
Statistiques - réponses
Réponse % Correct
Brésil
90%
Japon
90%
Portugal
87%
Grèce
77%
Colombie
76%
Argentine
74%
Pays-Bas
70%
Corée du Nord
63%
Serbie-et-Monténégro
62%
Aucun quiz correspondant
Distribution des résultats
% des personnes avec chaque résultat
Percentile par nombre de réponses
Votre historique - résultats
Vous n’avez pas pris ce quiz